01240nam a2200313 a 4500001001200000003000800012006001900020007001500039008004100054020001800095020002700113040002100140035002100161050002300182082001400205100001700219245007800236260003400314300002600348490006000374504005100434533015200485650004300637655002900680710001700709830005700726856012600783999001700909ebr10701237CaPaEBRm o u cr cn|||||||||130529s2007 enkb sb 001 0 eng d z9781845111502 z9780857711373 (e-book) aCaPaEBRcCaPaEBR a(OCoLC)84795177114aBR252b.E93 2007eb04a270.32231 aEvans, G. R.14aThe church in the early Middle Agesh[electronic resource] /cG.R. Evans. aLondon :bI.B. Tauris,c2007. axxiv, 202 p. :bmaps.1 aThe I.B. Tauris history of the Christian Church ;vv. 2 aIncludes bibliographical references and index. aElectronic reproduction.bPalo Alto, Calif. :cebrary,d2013.nAvailable via World Wide Web.nAccess may be limited to ebrary affiliated libraries. 0aChurch historyyMiddle Ages, 600-1500. 7aElectronic books.2local2 aebrary, Inc. 0aI.B. Tauris history of the Christian Church ;vv. 2.40uhttp://site.ebrary.com/lib/rucke/Doc?id=10701237zAn electronic book accessible through the World Wide Web; click to view c20457d20457